00610nam a2200145 a 450000100100000000500170001000800410002704000250006808200260009324500520011926000400017130000340021195202020024599900170044700004643720201002052853.0150813s1992 dr ab 000 0 spa d aDO-SdBNPbspacBNPHU axxxxxxxxxbxxxxxxxxxx00a...Y dimos frutos / :b(25 años de historia). aSanto Domingo :bProfamilia,c1992. a134 p. :bil., map. ;c27 cm. 0010718PDaPDbPDcHDd2015-08-13iLF1l0oxxxxxxxxx xxxxxxxxxxp46437-10r2020-06-25w2020-06-25yLFPDzPerteneció a la biblioteca personal de Chiqui Vicioso / Fidelio Despradel.ZNo se presta c45926d45926